Ochrana spotrebiteľov v rámci spotrebiteľskej politiky

Možnosti ochrany spotrebiteľov v rámci spotrebiteľskej politiky EU. Objasnenie a priblíženie spotrebiteľského minima v teoretickej podobe. Prieskum hodnotiaci úroveň spotrebiteľského vzdelávania v oblasti spotrebiteľskej politiky.

Gespeichert in:
Bibliographische Detailangaben
1. Verfasser: Kissová, Jana, 1979-
Weitere Verfasser: Deáková, Stanislava, 1974-
Format: Buchkapitel
Sprache:Slowakisch
Schlagworte:
Tags: Tag hinzufügen
Keine Tags, Fügen Sie das erste Tag hinzu!

MARC

LEADER 00000nla a2200000 4500
001 0240181
005 20240502073910.6
041 0 |a slo 
044 |a SK 
245 1 0 |a Ochrana spotrebiteľov v rámci spotrebiteľskej politiky  |c Jana Kissová, Stanislava Deáková 
520 |a Možnosti ochrany spotrebiteľov v rámci spotrebiteľskej politiky EU. Objasnenie a priblíženie spotrebiteľského minima v teoretickej podobe. Prieskum hodnotiaci úroveň spotrebiteľského vzdelávania v oblasti spotrebiteľskej politiky. 
610 2 0 |a spotrebitelia 
610 2 0 |a ochrana spotrebiteľa 
610 2 0 |a politika spotrebiteľská 
610 2 0 |a zákony 
610 2 0 |a zákonník obchodný 
610 2 0 |a zákonník občiansky 
610 2 0 |a práva spotrebiteľské 
100 1 |a Kissová, Jana, 1979- 
700 1 |a Deáková, Stanislava, 1974-